Ποιήματα

Αποθηκεύτηκε σε:
Λεπτομέρειες βιβλιογραφικής εγγραφής
Κύριος συγγραφέας: Μαρκοράς, Γεράσιμος, 1826-1911
Μορφή: Βιβλίο
Γλώσσα:Greek
Δημοσίευση: Αθήνα : Ίδρυμα Κώστα και Ελένης Ουράνη, 1988.
Σειρά:Νεοελληνική βιβλιοθήκη (Ίδρυμα Ουράνη)
Θέματα:
Ετικέτες: Προσθήκη ετικέτας
Δεν υπάρχουν, Καταχωρήστε ετικέτα πρώτοι!

MARC

LEADER 00000cam a2200000 i 4500
001 1/29121
008 060510s1988 gr | ||| |||| ||gre||
035 |l 10083821 
040 |a GR-MyUa  |b gre  |e AACR2 
041 0 |a gre 
082 7 |a 889.1   |2 (22) 
100 1 |a Μαρκοράς, Γεράσιμος,   |d 1826-1911. 
245 1 0 |a Ποιήματα /   |c Γεράσιμος Μαρκοράς.  
260 |a Αθήνα :   |b Ίδρυμα Κώστα και Ελένης Ουράνη,   |c 1988.  
300 |a 368 σ. ;   |c 22 εκ. 
490 1 |a (Νεοελληνική βιβλιοθήκη / Ίδρυμα Κώστα και Ελένης Ουράνη) 
504 |a Βιβλιογραφία: σ. 47-50.  
650 0 |a Greek poetry. 
830 0 |a Νεοελληνική βιβλιοθήκη (Ίδρυμα Ουράνη) 
852 |a INST  |b SYROS  |e 20060510  |h 889.1 ΜΑΡ  |p 005500004867  |q 005500004867  |t BK  |y 0 
901 |a BIBL5-2006-2 
970 |a Καγιαβά  |b Ειρήνη  |z 10/05/2006